Naveta už sedí na Goodishovej stoličke aj býva v jeho dome Nový šéf U.S. Steelu verí, že túto jar už budú mocť začať aktivity smerujúce k dokončeniu zimného štadióna

Bibliographic Details
Main Author: Jurkovičová, Klaudia (Author)
Corporate Author: U.S.Steel (Košice, Slovensko) (Author)
Format: Article
Language:Slovak
PhysicalDescription:1 foto
ISSN:1335-4566
Subjects:

MARC

LEADER 00000nab a2200000 a 4500
001 vtls000929061
003 SK-MaSNL
005 20260303033055.0
008 040720e20030221xo 0 slo
035 |a KE37938 
040 |a KEVKJB  |b slo  |c KEVKJB  |e AACR2 
041 0 |a slo 
044 |a xo  |c SK 
080 |a 669.1  |2 1981 
080 |a 929  |2 1981 
100 1 |a Jurkovičová, Klaudia  |4 aut  |9 877349 
245 1 0 |a Naveta už sedí na Goodishovej stoličke aj býva v jeho dome  |b Nový šéf U.S. Steelu verí, že túto jar už budú mocť začať aktivity smerujúce k dokončeniu zimného štadióna 
300 |b 1 foto 
590 |a Navetta, Christopher J. 1948-,  |b nový prezident U.S. Steel Košice 
600 1 7 |a Navetta, Christopher J. 1948-,  |2 KEVKJB  |9 880276 
610 2 7 |a U. S. Steel (Košice, Slovensko)  |2 KEVKJB  |9 656260 
650 0 7 |a profily  |2 KEVKJB  |9 28648 
650 0 7 |a rozhovory  |2 KEVKJB  |9 453585 
651 7 |a Košice (Slovensko)  |2 KEVKJB  |9 18694 
651 7 |a KE,  |2 KEVKJB  |9 877256 
655 7 |a periodikum  |2 snkbucl  |9 29553 
710 2 |a U.S.Steel (Košice, Slovensko)  |4 aut  |9 877338 
773 0 8 |t Košický denník Korzár  |g Roč. 6, č.43, 21.2.2003, s. 2  |x 1335-4566 
852 |a ZVYKNI  |b KIS3GCP 
999 |c 1668513  |d 1670443